| 000 | 01001nam a2200229Ia 4500 | ||
|---|---|---|---|
| 999 |
_c40318 _d40318 |
||
| 001 | 6926 | ||
| 003 | GE_BSU | ||
| 005 | 20200204161854.0 | ||
| 008 | 181216s1965||||ge |||||||||||||| ||geo|| | ||
| 040 | _cGE_BSU | ||
| 041 | _ageo | ||
| 080 | _a821.353.1-1 გ-85 | ||
| 100 |
_aგრიშაშვილი, იოსებ. _96813 |
||
| 245 |
_aგულის საგანძურიდან : _bლექსები / _cიოსებ გრიშაშვილი ; რედ. ელ. უბილავა. |
||
| 250 | _aთანამედროვე ქართული პოეზიის პორტრეტი | ||
| 264 |
_aთბილისი : _bნაკადული, _c1965. |
||
| 300 |
_a126 გვ. : _bფოტო-პორტრეტი ; _c17 სმ. |
||
| 653 | _aგულის საგანძურიდან | ||
| 653 | _aლექსები | ||
| 700 |
_aუბილავა, ელ. _eრედაქტორი _93735 |
||
| 942 |
_cBK _2udc |
||